00308 a2200097 4500082001700000100002200017245009400039260003000133300003000163650001700193 a620.1126 MCC aMccabe, Donald E. aAn Introduction to the Development and use of the Master Curve Method /cDonald E. Mccabe bASTM International,c2005 avi, 67p. ;bill. ;c30 cm aCurve Method